| 000 | 00497nam a2200193Ia 4500 | ||
|---|---|---|---|
| 003 | 0100 | ||
| 008 | 130303s9999 xx 000 0 und d | ||
| 040 | _cARRUPELIB | ||
| 050 | _aB3318.K7W54 1974 | ||
| 100 | _aWilcox, John T. | ||
| 245 | _aTruth and value in Nietzsche | ||
| 245 | _ba study of his Metaethics and Epistemology | ||
| 260 | _bThe University of Michigan press | ||
| 260 | _C1974 | ||
| 300 | _a229p. | ||
| 300 | _b23cm | ||
| 650 | _bPhilosophy--Problems | ||
| 942 |
_2lcc _014 |
||
| 999 |
_c61722 _d61722 |
||